| 000 | 00625nam a22002057a 4500 | ||
|---|---|---|---|
| 003 | OSt | ||
| 005 | 20251218082216.0 | ||
| 008 | 251218b |||||||| |||| 00| 0 eng d | ||
| 020 | _a0-323-00935-2. | ||
| 040 |
_aDWCL-Main lib _cOC |
||
| 082 |
_24th ed. _aCirc. 610.73 B565m 2000 |
||
| 100 | _aBetz, Cecily Lynn | ||
| 245 |
_aMosby's pediatric nursing reference _cBetz, Cecily Lynn |
||
| 260 |
_aSt. Louis : _bMosby, Inc., _cc2000. |
||
| 300 |
_axvi, 743 pages ; _c19 cm. |
||
| 650 | _21. Pediatric nursing-Handbooks. | ||
| 650 | _22. Pediatrics-Handbooks. | ||
| 700 | _aSowden, Linda A. | ||
| 942 |
_2ddc _cBK-CIRC _kCirc. _n0 |
||
| 999 |
_c7209 _d7209 |
||